| 000 | 00679nam a22001937a 4500 | ||
|---|---|---|---|
| 003 | OSt | ||
| 005 | 20250822031002.0 | ||
| 008 | 250822b |||||||| |||| 00| 0 eng d | ||
| 020 | _a978-0-470-22274-4. | ||
| 040 |
_aDWCL-Main lib _cOC |
||
| 082 | _aCirc. 346.73 M647m 2008 | ||
| 100 | _aMiller, Edwin L. | ||
| 245 |
_aMergers and acquisitions : _ba step-by-step leagal and practical guide/ _cEdwin L. Miller |
||
| 260 |
_aN. J. : _b John Wiley & Sons, Inc., _cc2008. |
||
| 300 |
_axvii, 326 p. : _b ill. ; _c 23 cm. |
||
| 504 | _aIncludes index. | ||
| 650 | _a1. Consolidation and merger of corporations-Law and legislation-United States. | ||
| 942 |
_2ddc _cBK-CIRC _kCirc. _n0 |
||
| 999 |
_c4161 _d4161 |
||